000 00345nam a22001217a 4500
008 140106b xxu||||| |||| 00| 0 eng d
010 _a2012032884
020 _a978111817313
_cAvailable
082 _a658.403PAR
_b002484
100 _gHB,396p
245 _aHandbook of Decision Analysis
_cParnell Gregory S
260 _aCanada
_bJohan Wiley & Sons
_c2013
999 _c23765
_d23765